00637nam a2200253Ia 4500008004000000020001500040041000800055082001500063100001700078245009400095260004800189300001200237650000800249650001100257650001000268650001400278650001400292650002200306650000700328650001100335650001300346650001600359650000800375210210b2004 xxu||||| |||| 00| 0 eng d a0521672821 aeng a338.9 KOHS aKOHLI (Atul) aState directed developmentbPolitical power and industrialization in the global periphery aNew YorkbCambridge University Pressc2004 axii,466 athe aState- apower aPolitical aperiphery aindustrialization ain aglobal adirected adevelopment aand